Rings and modules of quotients /

Guardado en:
Autor Principal: Stenström, Bo T., 1937-
Formato: Libro
Idioma:English
Publicado: Berlin : Springer-Verlag, 1971.
Series:Lecture notes in mathematics (Springer-Verlag) ; 237.
Materias:
Etiquetas: Agregar Etiqueta
Sin Etiquetas, Sea el primero en etiquetar este registro!
LEADER 00838cam a2200265 a 4500
001 MAT.inmabb003020
008 720107s1971####gw#######b####000#0#eng##
005 20180406152153.0
245 1 0 |a Rings and modules of quotients /  |c Bo Stenström. 
260 |a Berlin :  |b Springer-Verlag,  |c 1971. 
300 |a vi, 136 p. ;  |c 26 cm. 
490 1 |a Lecture notes in mathematics ;  |v 237 
504 |a Bibliografía: p. [130]-136. 
510 4 |a MR,  |c 48 #4010 
020 |a 3540056904 (Berlin) 
020 |a 0387056904 (New York) 
100 1 |a Stenström, Bo T.,  |d 1937- 
830 0 |a Lecture notes in mathematics (Springer-Verlag) ;  |v 237. 
084 |a 16-02  |2 msc2000 
650 0 |a Associative rings. 
650 0 |a Modules (Algebra) 
650 0 |a Quotient rings. 
010 |a  70180692  
040 |a DLC  |c DLC  |d DLC 
859 |k H  |p LNM-237  |b BIB. MATEMATICA